Framework experience of global economy and crisis in relation to development of SME in Žilina region
Dopady globálnej ekonómie a krízy na vývoj MSP. Komparácia vývoja MSP Slovenska a EÚ na princípoch SBA (Slovak business agency). Riziká pre MSP v žilinskom kraji.
Saved in:
| Main Author: | |
|---|---|
| Other Authors: | , |
| Format: | Book Chapter |
| Language: | English |
| Subjects: | |
| Tags: |
No Tags, Be the first to tag this record!
|
MARC
| LEADER | 00000naa a2200000 4500 | ||
|---|---|---|---|
| 001 | 0201839 | ||
| 005 | 20231204134123.9 | ||
| 041 | 0 | |a eng | |
| 044 | |a CZ | ||
| 245 | 1 | 0 | |a Framework experience of global economy and crisis in relation to development of SME in Žilina region |c Mária Hudáková, Katarína Buganová, Ladislav Šimák |
| 520 | |a Dopady globálnej ekonómie a krízy na vývoj MSP. Komparácia vývoja MSP Slovenska a EÚ na princípoch SBA (Slovak business agency). Riziká pre MSP v žilinskom kraji. | ||
| 610 | 2 | 0 | |a riziko podnikateľské |
| 610 | 2 | 0 | |a kríza hospodárska |
| 610 | 2 | 0 | |a podnik malý |
| 610 | 2 | 0 | |a globalizácia |
| 610 | 2 | 0 | |a hospodárstvo regionálne |
| 610 | 2 | 0 | |a ekonomika regionálna |
| 100 | 1 | |a Hudáková, Mária | |
| 700 | 1 | |a Buganová, Katarína | |
| 700 | 1 | |a Šimák, Ladislav | |